Statistics for Biggest Trading Partners - Norway

Click here to take the quiz!

General Stats

  • This quiz has been taken 668 times
  • The average score is 19 of 20

Answer Stats

ImportsAnswer% Correct
8.68 bilSweden
99%
5.75 bilSweden
99%
3.55 bilDenmark
97%
4.06 bilDenmark
97%
8.71 bilGermany
97%
12.70 bilGermany
97%
18.44 bilUnited Kingdom
97%
3.68 bilUnited Kingdom
97%
4.70 bilUnited States of America
97%
3.74 bilUnited States of America
97%
8.01 bilChina
94%
2.36 bilChina
94%
2.39 bilFrance
94%
6.09 bilFrance
94%
2.56 bilPoland
87%
2.08 bilPoland
87%
2.18 bilItaly
86%
2.90 bilNetherlands
84%
9.42 bilNetherlands
84%
3.89 bilBelgium
81%

Score Distribution

Percentile by Number Answered

Percent of People with Each Score

Your Score History

You have not taken this quiz